| 000 | 00496nam a22001817a 4500 | ||
|---|---|---|---|
| 003 | NUST - PNEC | ||
| 005 | 20170116180915.0 | ||
| 008 | 150903b xxu||||| |||| 00| 0 eng d | ||
| 020 | _a0074631802 | ||
| 040 | _cLIBRARY | ||
| 082 | _a658.5 RAO | ||
| 100 |
_97051 _aRao, P. N. (Posinasetti Nageswara) |
||
| 245 |
_aManufacturing technology _b foundry, forming and welding _cP.N. Rao |
||
| 250 | _a2nd ed. | ||
| 260 | _cc 1998 | ||
| 650 |
_97071 _aManufacturing processes _xME |
||
| 942 |
_2ddc _cBK |
||
| 999 |
_c65430 _d65430 |
||